01122nam a2200193 i 4500001000700000003000900007005001700016008004100033100004900074245024100123260004000364300002100404490010200425650004700527830010900574852010200683999001900785952012400804187941ES-MaACL20250727190230.0180328s1927 sp |||| | spa d0 aPérez del Pulgar, José Agustín.99082013aLa cooperación de la técnica alemana en la explotación de los carbones españoles de escasa potencia calorífica por combustión directa b: conferencia pronunciada el día 12 de enero de 1927 / cpor J. A. Pérez del Pulgar. aMadrid : b[s.n.], c1927 (fBlass) a34 p. ; c23 cm.1 aConferencias dadas en el Centro de intercambio intelectual germano-español. Segunda serie ; v3 4aIndustria del carbón-zEspaña.915609900aConferencias dadas en el Centro de Intercambio Intelectual Germano-Español. pSegunda seriev39192934 aES-MaACLjC-8111(34) z.- Donat. del Centro de Intercambio Intelectual Germano-Español (Madrid) c187941d187941 00104070aATENEOMbATENEOMcSPALd2018-03-28eSCl0oC-8111(34)p1198593r2023-02-23 00:00:00w2023-02-23yMONOGRAFIA